| 000 | 00909cam a2200253 a 4500 | ||
|---|---|---|---|
| 005 | 20170613143326.0 | ||
| 008 | 170613s2005 ck abd r 000 0 spa d | ||
| 015 | _aSSS | ||
| 020 | _a9589751865 | ||
| 020 | _a9789589751862 | ||
| 040 |
_aCO-BoUCM _bspa _cSaul Niño _dSaul Niño |
||
| 041 | 0 | _aspa | |
| 100 | 1 |
_aRosales Ariza, Gustavo _986289 |
|
| 245 | 1 | 0 |
_aGeopolítica y estrategia liderazgo y poder _bensayos _cGustavo Rosales Ariza |
| 260 |
_aBogotá _bUniversidad Militar Nueva Granada _c2005 |
||
| 300 |
_a150 páginas _bilustraciones, cuadros y mapas |
||
| 650 | 7 |
_aGeopolítica _9215 _vEnsayos, conferencias, etc. |
|
| 650 | 7 |
_aSociedad de la información _924722 |
|
| 650 | 7 |
_aLiderazgo _918533 |
|
| 650 | 7 |
_aPoder (Ciencias sociales) _9342 |
|
| 650 | 7 |
_aPolítica económica internacional _921973 |
|
| 942 |
_2DEWEY _a6 _cLIBRO _e1 _h320.12 _mR788s |
||
| 999 |
_c306779 _d306779 |
||